|
|
|
|
| LEADER |
00000nab a2200000 a 4500 |
| 001 |
vtls001488633 |
| 003 |
SK-MaSNL |
| 005 |
20260303204311.0 |
| 008 |
180907c2004 xo wr|p|||||||000 b|slo |
| 015 |
|
|
|a SNBRx2004/xx
|2 sllk
|
| 038 |
|
|
|a SLLK
|
| 040 |
|
|
|a SLLK
|b slo
|c SLLK
|e AACR2
|
| 041 |
0 |
|
|a slo
|
| 044 |
|
|
|a xo
|c SK
|
| 080 |
|
|
|a 614.8
|2 UDC-MRF-SK2
|
| 080 |
|
|
|a 796.524
|2 UDC-MRF-SK2
|
| 100 |
1 |
|
|a Sedlák, Juraj
|4 aut
|9 767029
|
| 245 |
1 |
0 |
|a Zakliate hory?
|b prečo tento rok zahynulo vo Vysokých a Západných Tatrách už osem českých horolezcov?
|c Juraj Sedlák
|
| 300 |
|
|
|b Fotogr.
|
| 600 |
1 |
7 |
|a Janiga, Jozef,
|d 1968-
|2 sllk
|9 55692
|
| 610 |
1 |
7 |
|a Horská záchranná služba (Vysoké Tatry, Slovensko)
|2 sllk
|9 55573
|
| 648 |
|
7 |
|a 2004
|2 snkbucl
|9 303492
|
| 650 |
0 |
7 |
|a horolezectvo
|2 sllk
|9 1050
|
| 650 |
0 |
7 |
|a tragické nehody
|2 sllk
|9 1079643
|
| 651 |
|
7 |
|a Vysoké Tatry (Poľsko a Slovensko : pohorie)
|2 SNKPHgeo
|9 67729
|
| 651 |
|
7 |
|a Západné Tatry (Poľsko a Slovensko : pohorie)
|2 sllk
|9 68765
|
| 651 |
|
7 |
|a Poprad (Slovensko)
|2 sllk
|9 20155
|
| 700 |
1 |
|
|a Barinka, Jozef
|4 pht
|9 298049
|
| 773 |
0 |
|
|t Plus 7 dní
|g Roč. XIV, č. 26 (2004) s. [56]-62
|x 1210-2040
|
| 852 |
|
|
|a SLLK
|b KIS3GCP
|
| 999 |
|
|
|c 2189352
|d 2191282
|